| 000 | 00617nam a2200193 a 4500 | ||
|---|---|---|---|
| 001 | 5892 | ||
| 003 | CDMR | ||
| 005 | 20131113113707.0 | ||
| 008 | 130220s2003||||||||||||||||||||||||||||d | ||
| 020 | _a8488788541 | ||
| 040 |
_aCDMR _bcat _cCDMR |
||
| 245 | 0 | 3 |
_aLa radio digital _b: nuevos perfiles profesionales _c[edición y redacción: Miguel A. Ortiz y Juan Cuesta] |
| 260 |
_aMadrid _bInstituto Oficial de Radio y Televisión _c2003 |
||
| 300 |
_a53 p ; _c30 cm |
||
| 650 | 0 | 4 |
_94340 _aRadiodifusió digital |
| 650 | 0 | 4 |
_93083 _aCompetències professionals |
| 700 | 1 |
_9600 _aOrtiz, Miguel Ángel _eed. |
|
| 942 |
_cMON _2udc |
||
| 999 |
_c5892 _d5892 |
||